000 00395nam a2200157Ia 4500
008 230312s9999||||xx |||||||||||||| ||und||
020 _a969_8464_16_6
082 _a395
_bSEY
100 _aSeyal Faiez H
245 0 _aComplete Guide to Universal Manners
260 _bAn Ace
_apakistan
_c2002
300 _a390
546 _aEng.
650 _aManagement
_vplease mind your manners
942 _cBK
999 _c2005
_d2005